HOW IT WORKS:SCIENCE AND TECHNOLOGY (Record no. 210944)

MARC details
000 -LEADER
fixed length control field 00354nam a22001457a 4500
008 - FIXED-LENGTH DATA ELEMENTS--GENERAL INFORMATION
fixed length control field 240725b |||||||| |||| 00| 0 eng d
020 ## - INTERNATIONAL STANDARD BOOK NUMBER
International Standard Book Number 0-7614-7314-9
050 ## - LIBRARY OF CONGRESS CALL NUMBER
Classification number 1
100 ## - MAIN ENTRY--PERSONAL NAME
Personal name CAVENDISH MARSHALL
245 ## - TITLE STATEMENT
Title HOW IT WORKS:SCIENCE AND TECHNOLOGY
250 ## - EDITION STATEMENT
Edition statement 3
260 ## - PUBLICATION, DISTRIBUTION, ETC.
Place of publication, distribution, etc. BROWN PARTWORKS
Date of publication, distribution, etc. 2003
942 ## - ADDED ENTRY ELEMENTS (KOHA)
Source of classification or shelving scheme Library of Congress Classification
Koha item type Long Loan Book
Holdings
Withdrawn status Lost status Source of classification or shelving scheme Damaged status Not for loan Collection Home library Current library Date acquired Total checkouts Full call number Barcode Date last seen Copy number Price effective from Koha item type
    Library of Congress Classification     Science & Technology Kisii University Library Kisii University Library 07/25/2024   TQ H69 2003 V.19 000000007966 07/25/2024 C.1 07/25/2024 Long Loan Book